Statistics for Words ending in "al" quiz - Lite! (3L)

Click here to take the quiz!

General Stats

  • This quiz has been taken 2 times
  • The average score is 2 of 5

Answer Stats

HintAnswer% Correct
Forever and ever, or, Doom E-----Eternal
100%
Showing a sense of mental feelingEmotional
50%
Epidemia, Epidemis, EEpidermal
50%
What bats use to find themselvesEcological
0%
increasing the size of your acresExpansional
0%

Score Distribution

Percentile by Number Answered

Percent of People with Each Score

Your Score History

You have not taken this quiz